<?xml version="1.0" encoding="UTF-8"?><?xml-stylesheet type="text/xsl" href="static/style.xsl"?><OAI-PMH xmlns="http://www.openarchives.org/OAI/2.0/" xmlns:xsi="http://www.w3.org/2001/XMLSchema-instance" xsi:schemaLocation="http://www.openarchives.org/OAI/2.0/ http://www.openarchives.org/OAI/2.0/OAI-PMH.xsd"><responseDate>2026-04-18T01:22:19Z</responseDate><request verb="GetRecord" identifier="oai:www.recercat.cat:2072/465454" metadataPrefix="marc">https://recercat.cat/oai/request</request><GetRecord><record><header><identifier>oai:recercat.cat:2072/465454</identifier><datestamp>2026-03-28T08:14:49Z</datestamp><setSpec>com_2072_98</setSpec><setSpec>col_2072_378192</setSpec></header><metadata><record xmlns="http://www.loc.gov/MARC21/slim" xmlns:dcterms="http://purl.org/dc/terms/" xmlns:xsi="http://www.w3.org/2001/XMLSchema-instance" xmlns:doc="http://www.lyncode.com/xoai" xsi:schemaLocation="http://www.loc.gov/MARC21/slim http://www.loc.gov/standards/marcxml/schema/MARC21slim.xsd">
   <leader>00925njm 22002777a 4500</leader>
   <datafield ind2=" " ind1=" " tag="042">
      <subfield code="a">dc</subfield>
   </datafield>
   <datafield ind2=" " ind1=" " tag="720">
      <subfield code="a">Barroso, P.</subfield>
      <subfield code="e">author</subfield>
   </datafield>
   <datafield ind2=" " ind1=" " tag="720">
      <subfield code="a">Relimpio, D.</subfield>
      <subfield code="e">author</subfield>
   </datafield>
   <datafield ind2=" " ind1=" " tag="720">
      <subfield code="a">Zearra, J.A.</subfield>
      <subfield code="e">author</subfield>
   </datafield>
   <datafield ind2=" " ind1=" " tag="720">
      <subfield code="a">Cerón, José Joaquín</subfield>
      <subfield code="e">author</subfield>
   </datafield>
   <datafield ind2=" " ind1=" " tag="720">
      <subfield code="a">Palencia, P.</subfield>
      <subfield code="e">author</subfield>
   </datafield>
   <datafield ind2=" " ind1=" " tag="720">
      <subfield code="a">Cardoso, B.</subfield>
      <subfield code="e">author</subfield>
   </datafield>
   <datafield ind2=" " ind1=" " tag="720">
      <subfield code="a">Ferreras, E.</subfield>
      <subfield code="e">author</subfield>
   </datafield>
   <datafield ind2=" " ind1=" " tag="720">
      <subfield code="a">Escobar-González, María</subfield>
      <subfield code="e">author</subfield>
   </datafield>
   <datafield ind2=" " ind1=" " tag="720">
      <subfield code="a">Caceres, German</subfield>
      <subfield code="e">author</subfield>
   </datafield>
   <datafield ind2=" " ind1=" " tag="720">
      <subfield code="a">López Olvera, Jorge R.</subfield>
      <subfield code="e">author</subfield>
   </datafield>
   <datafield ind2=" " ind1=" " tag="720">
      <subfield code="a">Gortazar, Christian</subfield>
      <subfield code="e">author</subfield>
   </datafield>
   <datafield ind2=" " ind1=" " tag="260">
      <subfield code="c">2022</subfield>
   </datafield>
   <datafield ind2=" " ind1=" " tag="520">
      <subfield code="a">In the One Health context, Integrated Wildlife Monitoring (IWM) merges wildlife health monitoring (WHM) and host community monitoring to early detect emerging infections, record changes in disease dynamics, and assess the impact of interventions in complex multi-host and multi-pathogen networks. This study reports the deployment and results obtained from a nationwide IWM pilot test in eleven sites representing the habitat diversity of mainland Spain. In each study site, camera-trap networks and sampling of indicator species for antibody and biomarker analysis were used to generate information. The results allowed identifying differences in biodiversity and host community characteristics among the study sites, with a range of 8 to 19 relevant host species per point. The Eurasian wild boar (Sus scrofa) was the most connected and central species of the host communities, becoming a key target indicator species for IWM. A negative relationship between biodiversity and disease risk was detected, with a lower number and prevalence of circulating pathogens in the sites with more species in the community and larger network size. However, this overall trend was modified by specific host-community and environmental factors, such as the relative index of wild boar - red deer interactions or the proximity to urban habitats, suggesting that human-driven imbalances may favour pathogen circulation. The effort of incorporating wildlife population monitoring into the currently applied WHM programs to achieve effective IWM was also evaluated, allowing to identify population monitoring as the most time-consuming component, which should be improved in the future. This first nationwide application of IWM allowed to detect drivers and hotspots for disease transmission risk among wildlife, domestic animals, and humans, as well as identifying key target indicator species for monitoring. Moreover, anthropogenic effects such as artificially high wildlife densities and urbanisation were identified as risk factors for disease prevalence and interspecific transmission.</subfield>
   </datafield>
   <datafield tag="653" ind2=" " ind1=" ">
      <subfield code="a">Anthropogenic imbalances</subfield>
   </datafield>
   <datafield tag="653" ind2=" " ind1=" ">
      <subfield code="a">Disease risk</subfield>
   </datafield>
   <datafield tag="653" ind2=" " ind1=" ">
      <subfield code="a">Host community</subfield>
   </datafield>
   <datafield tag="653" ind2=" " ind1=" ">
      <subfield code="a">Integrated wildlife monitoring</subfield>
   </datafield>
   <datafield tag="653" ind2=" " ind1=" ">
      <subfield code="a">One health</subfield>
   </datafield>
   <datafield tag="653" ind2=" " ind1=" ">
      <subfield code="a">Wildlife health monitoring</subfield>
   </datafield>
   <datafield ind2="0" ind1="0" tag="245">
      <subfield code="a">Using integrated wildlife monitoring to prevent future pandemics through one health approach</subfield>
   </datafield>
</record></metadata></record></GetRecord></OAI-PMH>